[Event "XLI MIEDZYNARODOWY MEMORIAL LUDWIKA ZAMENHOFA 2022 - open A"]
[Site "Bialystok"]
[Date "1899-12-30"]
[Round "1.25"]
[White "Dzhuguryan, Tygran"]
[Black "Stremavicius, Pijus"]
[Result "1/2-1/2"]
[WhiteTitle "k+"]
[BlackTitle "FM"]
[WhiteElo "2134"]
[BlackElo "2369"]

1. d4 e6 2. c4 f5 3. g3 Nf6 4. Bg2 d5 5. Nf3 Be7 6. O-O Ne4 7. b3 Nc6 8. Ba3 Bf6
9. e3 h5 10. Nfd2 h4 11. Nxe4 dxe4 12. Nc3 hxg3 13. hxg3 a5 14. Qe2 g5 15. Rfd1
Nb4 16. Rac1 Bd7 17. d5 Qe7 18. dxe6 Bxe6 19. Nd5 Bxd5 20. Rxd5 Qe6 21. Bxb4 axb4
22. Rcd1 g4 23. c5 O-O 24. Rd7 Rf7 25. Rxf7 Qxf7 26. Qb5 c6 27. Qxb4 Rxa2 28.
Bf1 Kg7 29. Bc4 Qe7 30. Rd6 Ra1+ 31. Kg2 Kg6 32. Bg8 Qg7 33. Qc4 Kg5 34. Qf7 Qxf7
35. Bxf7 Ra7 36. Rd7 Bc3 37. Rd6 Bf6 38. Rd7 Ra5 39. Rxb7 Rxc5 40. Bc4 Re5 41.
b4 Re7 42. Rxe7 Bxe7 43. b5 cxb5 44. Bxb5 1/2-1/2

[Event "XLI MIEDZYNARODOWY MEMORIAL LUDWIKA ZAMENHOFA 2022 - open A"]
[Site "Bialystok"]
[Date "1899-12-30"]
[Round "1.26"]
[White "Seemann, Jakub"]
[Black "Dwilewicz, Katarzyna"]
[Result "1-0"]
[WhiteTitle "FM"]
[BlackTitle "WFM"]
[WhiteElo "2365"]
[BlackElo "2123"]

1. d4 Nf6 2. Nf3 e6 3. g3 d5 4. Bg2 b5 5. O-O Nbd7 6. a4 b4 7. c4 bxc3 8. Nxc3
a6 9. e4 dxe4 10. Ng5 Bb7 11. Ngxe4 Nxe4 12. Nxe4 Bd5 13. Bf4 Be7 14. Rc1 Ra7
15. Nc3 Bxg2 16. Kxg2 Nf6 17. Qf3 O-O 18. Be3 Nd5 19. Nxd5 Qxd5 20. Qxd5 exd5
21. Bf4 Rc8 22. Rfe1 c6 23. Re2 g5 24. Be3 Rb7 25. Rec2 Rb4 26. a5 Ra4 27. b4
Bxb4 28. Rc3 c5 29. Rxc5 Rc7 30. Rc6 Rxc6 31. Rxc6 Rxa5 32. Bxg5 h5 33. Rh6 Bf8
34. Rxh5 Bg7 35. Rh4 Rb5 36. Be7 a5 37. Rg4 f5 38. Rf4 Kf7 39. Bc5 Ke6 40. Rf3
a4 41. Re3+ Kf6 42. Ra3 Ra5 43. Kf1 f4 44. g4 Kg5 45. h3 Rb5 46. Kg2 Rb3 47. Rxa4
f3+ 48. Kg3 Rd3 49. Ra6 Bxd4 50. h4# 1-0

[Event "XLI MIEDZYNARODOWY MEMORIAL LUDWIKA ZAMENHOFA 2022 - open A"]
[Site "Bialystok"]
[Date "1899-12-30"]
[Round "1.28"]
[White "Kowalski, Igor"]
[Black "Zalega, Maciej"]
[Result "1-0"]
[WhiteTitle "IM"]
[BlackTitle "I++"]
[WhiteElo "2344"]
[BlackElo "2116"]

1. e4 c5 2. Nf3 Nc6 3. d4 cxd4 4. Nxd4 Nf6 5. Nc3 d6 6. f3 e5 7. Nb3 Be7 8. Be3
O-O 9. Qd2 Be6 10. O-O-O a5 11. Bb5 Qb8 12. Kb1 Rc8 13. a3 Na7 14. Be2 b6 15.
g4 Bc4 16. Bxc4 Rxc4 17. g5 Ne8 18. Qd3 Rc8 19. h4 Bd8 20. h5 a4 21. Nxa4 b5 22.
Nc3 b4 23. axb4 Nc6 24. Qb5 Qxb5 25. Nxb5 Nxb4 26. c3 Na2 27. Rd5 Nc7 28. Nxc7
Rxc7 29. Rhd1 Rb7 30. Kc2 Rab8 31. Rxd6 Be7 32. Ra6 Nxc3 33. bxc3 Rxb3 34. Rd7
Kf8 35. Raa7 Rb2+ 36. Kd3 Rd8 37. Rxd8+ Bxd8 38. Bc5+ Ke8 39. g6 hxg6 40. hxg6
fxg6 41. Rxg7 g5 42. Rg8+ Kd7 43. Kc4 Rc2 44. Rg6 Rc1 45. Be3 Rc2 46. Bxg5 Ba5
47. Kd5 Rxc3 48. Rg7+ Ke8 49. Ke6 Rc6+ 50. Kxe5 Bc3+ 51. Kd5 Ra6 52. Rc7 Bb2 53.
f4 Kf8 54. e5 1-0

[Event "XLI MIEDZYNARODOWY MEMORIAL LUDWIKA ZAMENHOFA 2022 - open A"]
[Site "Bialystok"]
[Date "1899-12-30"]
[Round "1.29"]
[White "Wojdak, Jan"]
[Black "Karolczuk, Iwo"]
[Result "0-1"]
[WhiteTitle "k"]
[BlackTitle "FM"]
[WhiteElo "2115"]
[BlackElo "2327"]

1. e4 c5 2. Nf3 d6 3. Bb5+ Nd7 4. a4 Ngf6 5. Nc3 a6 6. Be2 e6 7. a5 Be7 8. O-O
O-O 9. d3 Nb8 10. Bd2 Nc6 11. Na4 d5 12. Nb6 Rb8 13. exd5 Nxd5 14. Nc4 Bf6 15.
Be3 Qe7 16. c3 Rd8 17. Nfd2 Ne5 18. Nxe5 Bxe5 19. Nf3 Nxe3 20. fxe3 Bc7 21. Qc1
g5 22. Nd2 f5 23. Qe1 Bd7 24. e4 Rf8 25. Nc4 g4 26. e5 Bc6 27. Qg3 Rbd8 28. Rad1
Bb5 29. Ne3 Qg7 0-1

[Event "XLI MIEDZYNARODOWY MEMORIAL LUDWIKA ZAMENHOFA 2022 - open A"]
[Site "Bialystok"]
[Date "1899-12-30"]
[Round "1.30"]
[White "Chomczyk, Marek"]
[Black "Praczukowski, Stanislaw"]
[Result "1-0"]
[WhiteTitle "k++"]
[BlackTitle "k"]
[WhiteElo "2327"]
[BlackElo "2114"]

1. Nf3 d5 2. e3 Nf6 3. b3 e6 4. Bb2 Be7 5. c4 O-O 6. Nc3 b6 7. cxd5 Nxd5 8. Nxd5
exd5 9. Qc2 Bb7 10. h4 h6 11. Ng5 hxg5 12. hxg5 f5 13. gxf6 Bxf6 14. Rh6 Bxb2
15. Qh7+ Kf7 16. Qg6+ Kg8 17. Bd3 Bxa1 18. Rh8+ Kxh8 19. Qh7# 1-0

[Event "XLI MIEDZYNARODOWY MEMORIAL LUDWIKA ZAMENHOFA 2022 - open A"]
[Site "Bialystok"]
[Date "1899-12-30"]
[Round "1.31"]
[White "Szewczyk, Mariusz"]
[Black "Czernek, Tymon"]
[Result "1/2-1/2"]
[WhiteTitle "k"]
[BlackTitle "FM"]
[WhiteElo "2094"]
[BlackElo "2302"]

1. e4 c5 2. Nf3 d6 3. Bb5+ Nd7 4. O-O a6 5. Bxd7+ Bxd7 6. d4 cxd4 7. Qxd4 e5 8.
Qd3 h6 9. c4 Nf6 10. Nc3 Be7 11. b3 O-O 12. Rd1 Rc8 13. Bb2 Qa5 14. a4 Rfd8 15.
h3 Bc6 16. Ba3 Nh5 17. Qc2 Nf4 18. Kh2 Bf8 19. g3 Nh5 20. Nd5 Bxd5 21. Rxd5 Qc7
22. Qe2 Nf6 23. Rd3 Qc6 24. Nd2 b5 25. cxb5 axb5 26. Rc1 Qb6 27. Rxc8 Rxc8 28.
axb5 Qxb5 29. Nc4 d5 30. exd5 e4 31. Rd2 Bxa3 32. Nxa3 Qxb3 33. Nc2 Nxd5 1/2-1/2

[Event "XLI MIEDZYNARODOWY MEMORIAL LUDWIKA ZAMENHOFA 2022 - open A"]
[Site "Bialystok"]
[Date "1899-12-30"]
[Round "1.32"]
[White "Chylewski, Patryk"]
[Black "Jarzebowski, Kacper"]
[Result "1/2-1/2"]
[WhiteTitle "IM"]
[BlackTitle "k+"]
[WhiteElo "2291"]
[BlackElo "2086"]

1. d4 Nf6 2. c4 d6 3. Nf3 g6 4. Nc3 Bg7 5. e4 O-O 6. Be2 e5 7. O-O Nc6 8. d5 Ne7
9. a4 a5 10. Ne1 Ne8 11. Nd3 f5 12. f3 c6 13. c5 fxe4 14. fxe4 Rxf1+ 15. Bxf1
cxd5 16. Nxd5 Nxd5 17. exd5 e4 18. Nf2 dxc5 19. Be3 b6 20. Nxe4 Qe7 21. Qf3 Bf5
22. Ng3 Nd6 23. Bf2 Rf8 24. Re1 Qd8 25. Qb3 Bg4 26. Be3 1/2-1/2

[Event "XLI MIEDZYNARODOWY MEMORIAL LUDWIKA ZAMENHOFA 2022 - open A"]
[Site "Bialystok"]
[Date "1899-12-30"]
[Round "1.33"]
[White "Greicius, Pijus"]
[Black "Sliwicka, Alicja"]
[Result "0-1"]
[WhiteTitle "k"]
[BlackTitle "WIM"]
[WhiteElo "2076"]
[BlackElo "2284"]

1. d4 d5 2. c4 e6 3. Nc3 Nf6 4. cxd5 exd5 5. Bg5 c6 6. e3 h6 7. Bh4 Be7 8. Bd3
O-O 9. Qc2 Re8 10. Nge2 Nbd7 11. O-O Nh5 12. Bxe7 Qxe7 13. Rae1 Nf8 14. a3 Bd7
15. b4 b6 16. Qb3 Nf6 17. Ng3 Be6 18. Qa4 h5 19. Rc1 Rac8 20. Nce2 g6 21. Ba6
Rb8 22. Nf4 Bd7 23. Be2 h4 24. Nh1 c5 25. b5 c4 26. Bf3 Be6 27. Rfe1 Qd7 28. Bd1
Bf5 29. Bc2 Re7 30. Bxf5 Qxf5 31. Qc2 Qd7 32. a4 Rbe8 33. Qd2 N8h7 34. Nh3 Ne4
35. Qd1 Nhg5 36. Nxg5 Nxg5 37. h3 f5 38. Qd2 Ne4 39. Qd1 g5 40. f3 Nd6 41. Qd2
g4 42. Nf2 g3 43. Nd1 f4 44. e4 dxe4 45. Qxf4 exf3 46. Qg5+ Rg7 47. Qd5+ Nf7 48.
Rxe8+ Qxe8 49. Qxf3 Qe1+ 50. Qf1 Qxf1+ 51. Kxf1 Nd6 52. Ne3 Re7 53. Ng4 Kg7 54.
Ne5 Nf5 55. Ng4 Rc7 56. d5 Rc5 57. Ke2 c3 58. Ne3 Nxe3 59. Kxe3 Kf6 60. Rc2 Ke5
61. d6 Kxd6 62. Kd4 Rc8 63. Ke4 Rc4+ 64. Kd3 Kd5 65. Ke3 Kc5 66. Ke2 Kb4 67. Kd3
Kb3 0-1

[Event "XLI MIEDZYNARODOWY MEMORIAL LUDWIKA ZAMENHOFA 2022 - open A"]
[Site "Bialystok"]
[Date "1899-12-30"]
[Round "1.34"]
[White "Paszewski, Mateusz"]
[Black "Sowinski, Pawel"]
[Result "1/2-1/2"]
[WhiteTitle "FM"]
[BlackTitle "k"]
[WhiteElo "2282"]
[BlackElo "2064"]

1. Nf3 Nf6 2. c4 e6 3. Nc3 d5 4. e3 Be7 5. b3 O-O 6. Bb2 c5 7. cxd5 Nxd5 8. h4
Nc6 9. Qb1 h6 10. g4 e5 11. g5 h5 12. Bd3 Bg4 13. Bh7+ Kh8 14. Be4 Ndb4 15. Nh2
f5 16. gxf6 Rxf6 17. Nxg4 hxg4 18. a3 Rxf2 19. Kxf2 Qxd2+ 20. Kg1 Qxe3+ 21. Kg2
Qd2+ 22. Kg1 Qe3+ 23. Kg2 1/2-1/2

[Event "XLI MIEDZYNARODOWY MEMORIAL LUDWIKA ZAMENHOFA 2022 - open A"]
[Site "Bialystok"]
[Date "1899-12-30"]
[Round "1.35"]
[White "Posaskov, Nikita"]
[Black "Vardanyan, Aras"]
[Result "1/2-1/2"]
[WhiteTitle "k"]
[BlackTitle "CM"]
[WhiteElo "2061"]
[BlackElo "2271"]

1. e4 c6 2. Nf3 d5 3. Nc3 dxe4 4. Nxe4 Nf6 5. Qe2 Nxe4 6. Qxe4 Nd7 7. Bc4 Nf6 8.
Qe2 Bf5 9. d4 e6 10. O-O Bd6 11. Bg5 O-O 12. Rfe1 Qc7 13. h3 Nd5 14. Nh4 Bh2+
15. Kh1 Bf4 16. Bxf4 Nxf4 17. Qd2 Rad8 18. Nxf5 exf5 19. Qe3 g6 20. Rad1 b5 21.
Bb3 a5 22. a4 bxa4 23. Bxa4 Ne6 24. Bb3 f4 25. Qe5 Qxe5 26. dxe5 Nc5 27. Bc4 a4
28. Rd6 Rxd6 29. exd6 Rd8 30. Re5 Nb7 31. Bxf7+ Kf8 32. Bc4 Nxd6 33. Bd3 Rb8 34.
Ra5 Rb4 35. f3 Nb7 36. Ra8+ Ke7 37. c3 Rxb2 38. Rxa4 Nc5 39. Rd4 Rd2 40. Be4 Rxd4
41. cxd4 Ne6 42. Bxc6 Nxd4 43. Be4 Ne2 44. Bd3 Ng3+ 45. Kg1 Kf6 46. Kf2 Ke5 47.
Bc2 Kd4 48. Bb3 g5 49. Bc2 h6 50. Bg6 Kc3 51. Ke1 Kd4 52. Kf2 Kc4 53. Ke1 Kc3
54. Kf2 Kd2 55. Be4 Ne2 56. Bd5 Nc3 57. Bb3 Ne2 58. Bc4 Nc1 59. Bb5 Nb3 60. Bc4
Nc5 61. Bb5 Nb7 62. Bc6 Nd6 63. Bd5 Nc8 64. Bc6 Nb6 65. Bb5 Nc8 66. Bc6 Nd6 67.
Bd5 Kd3 68. Bc6 Kd4 69. Ke2 Nc4 70. Bd7 Ne3 71. Kf2 Kd3 72. Bb5+ Kd2 73. Ba4 Nc4
74. Bb5 Nb2 75. Be2 h5 76. Bb5 Nd1+ 77. Kf1 Ke3 78. Be8 h4 79. Ke1 Nf2 80. Bd7
Nd3+ 81. Kf1 Ne5 82. Be6 Nc6 83. Bd5 Nd4 84. Be4 Nb3 85. Ke1 Nd4 86. Bd5 Ne2 87.
Bc6 Ng1 88. Bd5 Ne2 89. Bc6 Nd4 90. Bd5 Nc2+ 91. Kf1 Kd2 92. Kf2 Ne3 1/2-1/2

[Event "XLI MIEDZYNARODOWY MEMORIAL LUDWIKA ZAMENHOFA 2022 - open A"]
[Site "Bialystok"]
[Date "1899-12-30"]
[Round "2.1"]
[White "Bernadskiy, Vitaliy"]
[Black "Cukrowski, Filip"]
[Result "1-0"]
[WhiteTitle "GM"]
[BlackTitle "FM"]
[WhiteElo "2617"]
[BlackElo "2402"]

1. e4 e5 2. Nf3 Nc6 3. Bb5 Nf6 4. d3 d6 5. O-O Be7 6. c3 O-O 7. Re1 a6 8. Ba4 b5
9. Bb3 Nb8 10. a4 Bb7 11. axb5 axb5 12. Rxa8 Bxa8 13. Na3 c6 14. Nc2 Nbd7 15.
Ne3 g6 16. Nf1 Re8 17. Ng3 Bf8 18. h4 Qc7 19. h5 d5 20. Bg5 c5 21. exd5 Nxd5 22.
d4 c4 23. Bc2 f5 24. hxg6 hxg6 25. Nh4 Qc6 26. Ngxf5 gxf5 27. Qh5 Re7 28. Bxe7
Bxe7 29. Bxf5 Bxh4 30. Qxh4 Nf8 31. Rxe5 Nf6 32. Qg5+ Kf7 33. d5 Qd6 34. Be6+
1-0

[Event "XLI MIEDZYNARODOWY MEMORIAL LUDWIKA ZAMENHOFA 2022 - open A"]
[Site "Bialystok"]
[Date "1899-12-30"]
[Round "2.2"]
[White "Fus, Jakub"]
[Black "Heberla, Bartlomiej"]
[Result "0-1"]
[WhiteTitle "FM"]
[BlackTitle "GM"]
[WhiteElo "2405"]
[BlackElo "2568"]

1. d4 d5 2. c4 e6 3. Nf3 a6 4. cxd5 exd5 5. Nc3 h6 6. Bf4 Nf6 7. e3 Bd6 8. Be5
c6 9. Bd3 O-O 10. O-O Re8 11. Bxd6 Qxd6 12. Qc2 Bg4 13. Ne2 Nbd7 14. Ng3 Rac8
15. Rac1 c5 16. dxc5 Rxc5 17. Qb1 Bxf3 18. Nf5 Qe6 19. Nd4 Qg4 20. Nxf3 Qb4 21.
a3 Qb6 22. b4 Rxc1 23. Rxc1 Ne4 24. Qc2 Nd6 25. Qb3 Nf6 26. Nd4 Qd8 27. Qc2 Qd7
28. Bf5 Qe7 29. Qd3 g6 30. Bh3 Nc4 31. g3 a5 32. bxa5 Ra8 33. Bg2 Rxa5 34. Bxd5
Ne5 35. Bxf7+ Qxf7 36. Rc8+ Kh7 37. Qc3 Rd5 38. Rb8 Ne4 39. Qc2 Nd6 40. Rd8 Qe7
41. Qb3 Qxd8 42. Qxd5 Qe7 43. h4 h5 44. Ne6 Nef7 45. a4 Qf6 46. a5 Qe5 47. Qa2
Qe4 48. Nd4 Qd3 49. Kg2 Qc4 50. Qa3 Qd5+ 51. Kg1 Qc4 52. Qb2 Qd5 53. Qa3 Nb5 54.
Nxb5 Qxb5 55. Qe7 Kg7 56. Qc7 Qb1+ 57. Kg2 Qe4+ 58. Kg1 Qd5 59. Qc3+ Qe5 60. Qc8
Qb5 61. Qc3+ Kg8 62. Qc8+ Kh7 63. Qc7 Qb1+ 64. Kg2 Qb3 65. Kg1 Kg7 66. Qd7 Qb1+
67. Kg2 Qb4 68. Kg1 Kf6 69. Qc8 Qb1+ 70. Kg2 Qb5 71. Kg1 Kg7 72. Qc3+ Kf8 73.
Qc8+ Ke7 74. Qc7+ Ke8 75. Qc3 Qa6 76. Qc5 Nd8 77. Qd5 Qc6 78. Qd3 Ke7 79. Qd4
Qf6 80. Qb4+ Kd7 81. Qb5+ Qc6 82. Qe5 Qd6 83. Qb5+ Kc7 84. Qc4+ Kb8 85. Qa4 Ka7
86. g4 hxg4 87. Qxg4 Nc6 88. h5 gxh5 89. Qxh5 Qb4 90. Qe8 Nxa5 91. Kg2 Qg4+ 92.
Kf1 Qd1+ 93. Kg2 Qg4+ 94. Kf1 Nc6 95. Qf8 Qc4+ 96. Kg1 b5 97. f4 b4 98. f5 b3
99. Qa3+ Kb6 100. f6 Qc2 101. Qa4 Kc5 102. Kf1 Qd3+ 103. Kf2 Qd2+ 104. Kf3 Qd5+
105. Kg4 Qc4+ 0-1

[Event "XLI MIEDZYNARODOWY MEMORIAL LUDWIKA ZAMENHOFA 2022 - open A"]
[Site "Bialystok"]
[Date "1899-12-30"]
[Round "2.4"]
[White "Teclaf, Pawel"]
[Black "Risteski, Emil"]
[Result "1-0"]
[WhiteTitle "IM"]
[BlackTitle "FM"]
[WhiteElo "2555"]
[BlackElo "2373"]

1. Nf3 Nf6 2. g3 g6 3. b3 Bg7 4. Bb2 c5 5. c4 d6 6. Bg2 e5 7. O-O O-O 8. Nc3 Nc6
9. d3 Ne8 10. a3 Nc7 11. Nd2 Rb8 12. Rb1 Bd7 13. b4 cxb4 14. axb4 Nxb4 15. Ba3
a5 16. Bxb4 axb4 17. Na2 Na6 18. Nxb4 Nxb4 19. Rxb4 b5 20. Qb3 bxc4 21. Nxc4 Bg4
22. Re1 Qc7 23. Qa3 Qc5 24. Rxb8 Rxb8 25. Qxc5 dxc5 26. Bd5 Rd8 27. e4 Be6 28.
Bxe6 fxe6 29. Rd1 Kf7 30. Kf1 Kf6 31. Ke2 Ra8 32. Rb1 h5 33. h4 Bh6 34. Rb7 g5
35. Rh7 Kg6 36. Rc7 Ra2+ 37. Kf1 Kf6 38. hxg5+ Bxg5 39. Rxc5 h4 40. Nxe5 hxg3
41. fxg3 Bd2 42. d4 Ke7 43. Rc7+ Kd8 44. Rg7 Be3 45. Nc6+ Kc8 46. Na7+ Kd8 47.
Nc6+ Kc8 48. Re7 Rf2+ 49. Ke1 Rg2 50. Na7+ Kd8 51. Nc6+ Kc8 52. Rxe6 Rxg3 53.
Ke2 Bc1 54. d5 Ba3 55. Ne5 Kd8 56. d6 Bc5 57. Nf7+ Kd7 58. Re7+ Kc6 59. Rc7+ Kb6
60. Rxc5 1-0

[Event "XLI MIEDZYNARODOWY MEMORIAL LUDWIKA ZAMENHOFA 2022 - open A"]
[Site "Bialystok"]
[Date "1899-12-30"]
[Round "2.5"]
[White "Seemann, Jakub"]
[Black "Janik, Igor"]
[Result "1-0"]
[WhiteTitle "FM"]
[BlackTitle "GM"]
[WhiteElo "2365"]
[BlackElo "2536"]

1. d4 Nf6 2. c4 e6 3. Nc3 Bb4 4. e3 O-O 5. Bd3 d5 6. Nge2 b6 7. O-O dxc4 8. Bxc4
Bb7 9. f3 c5 10. a3 cxd4 11. axb4 dxc3 12. Qxd8 Rxd8 13. Nxc3 Nc6 14. b5 Na5 15.
Be2 Nd5 16. Ra3 Nxc3 17. Rxc3 Rac8 18. Rxc8 Rxc8 19. Bd2 Nb3 20. Bc3 f6 21. Rd1
Rc7 22. Kf2 Kf7 23. h4 Nc5 24. Ra1 Bd5 25. e4 Bb3 26. Ra3 e5 27. Ke3 Be6 28. g3
Re7 29. h5 g6 30. hxg6+ hxg6 31. Bb4 Rd7 32. Bxc5 bxc5 33. f4 Rb7 34. fxe5 fxe5
35. Kd2 Bd7 36. Ra5 Ke7 37. Kc3 Be8 38. Bc4 Bd7 39. b3 Kf6 40. Bd5 Rxb5 41. Rxa7
Bg4 42. Ra2 Rb8 43. Kc4 Rc8 44. Ra6+ Kg5 45. Rc6 Rxc6 46. Bxc6 Bd1 47. Bd5 Kg4
48. Kxc5 Kxg3 49. b4 Kf4 50. b5 Be2 51. Bc4 Bg4 52. b6 Bc8 53. Kc6 g5 54. Kc7
1-0

[Event "XLI MIEDZYNARODOWY MEMORIAL LUDWIKA ZAMENHOFA 2022 - open A"]
[Site "Bialystok"]
[Date "1899-12-30"]
[Round "2.6"]
[White "Dvirnyy, Danyyil"]
[Black "Kowalski, Igor"]
[Result "0-1"]
[WhiteTitle "GM"]
[BlackTitle "IM"]
[WhiteElo "2530"]
[BlackElo "2344"]

1. e4 c6 2. d4 d5 3. exd5 cxd5 4. Bd3 Nc6 5. c3 Nf6 6. Bf4 g6 7. Nf3 Bf5 8. Ne5
Bxd3 9. Nxd3 Bg7 10. O-O O-O 11. Nd2 Nh5 12. Bg5 Qd6 13. Re1 Rae8 14. Nf3 h6 15.
Be3 e6 16. Nfe5 Ne7 17. Nc5 b6 18. Ncd7 Bxe5 19. Nxe5 Kh7 20. a4 Nc6 21. Qd2 f6
22. Nxc6 Qxc6 23. Bxh6 Rh8 24. h4 Kg8 25. a5 b5 26. Re2 Qc7 27. Be3 Qh7 28. g3
g5 29. Qc2 gxh4 30. g4 Qxc2 31. Rxc2 Ng7 32. a6 Rb8 33. Bf4 Rb6 34. f3 Kf7 35.
Rh2 Ne8 36. Kf2 Nd6 37. Rah1 Rxa6 38. Rxh4 Rxh4 39. Rxh4 Kg7 40. Kg3 Nf7 41. Rh2
Ra2 42. Re2 a5 43. Kf2 a4 44. Ke1 e5 45. Be3 Nd6 46. dxe5 fxe5 47. Kd1 Nc4 48.
Bc1 d4 49. cxd4 exd4 50. Kc2 Ra1 51. Re1 Kf7 52. f4 b4 53. f5 b3+ 54. Kd3 a3 55.
bxa3 b2 56. Bxb2 Nxb2+ 57. Ke2 Rxa3 58. Rb1 Re3+ 59. Kf1 Nc4 60. Rb4 d3 61. Rb7+
Kf6 62. Rd7 d2 63. Kf2 Re4 64. Kg3 Re1 65. Kf4 Rf1+ 0-1

[Event "XLI MIEDZYNARODOWY MEMORIAL LUDWIKA ZAMENHOFA 2022 - open A"]
[Site "Bialystok"]
[Date "1899-12-30"]
[Round "2.7"]
[White "Markowski, Tomasz"]
[Black "Chomczyk, Marek"]
[Result "1/2-1/2"]
[WhiteTitle "GM"]
[BlackTitle "k++"]
[WhiteElo "2519"]
[BlackElo "2327"]

1. Nf3 Nf6 2. e3 g6 3. b4 Bg7 4. Bb2 d6 5. d3 c6 6. Nbd2 a5 7. a3 O-O 8. c4 axb4
9. axb4 Rxa1 10. Qxa1 Na6 11. Bc3 Qb6 12. Qb2 Nh5 13. d4 c5 14. bxc5 Qxb2 15.
Bxb2 dxc5 16. Be2 Nb4 17. O-O cxd4 18. Nxd4 Nc2 19. N2b3 Bd7 20. Nxc2 Bxb2 21.
Rb1 Bf6 22. Nc5 Bf5 23. e4 Nf4 24. Bf1 Ne6 25. exf5 Nxc5 26. Rb5 Rc8 27. Ne3 Kf8
28. g3 Ne4 29. Rd5 Nd6 30. Bd3 Nxf5 31. Nxf5 gxf5 32. Rxf5 Rd8 33. Be4 Rd4 34.
Bxb7 1/2-1/2

[Event "XLI MIEDZYNARODOWY MEMORIAL LUDWIKA ZAMENHOFA 2022 - open A"]
[Site "Bialystok"]
[Date "1899-12-30"]
[Round "2.8"]
[White "Karolczuk, Iwo"]
[Black "Kosakowski, Jakub"]
[Result "0-1"]
[WhiteTitle "FM"]
[BlackTitle "IM"]
[WhiteElo "2327"]
[BlackElo "2475"]

1. d4 Nf6 2. c4 e6 3. Nc3 Bb4 4. Bd2 c5 5. dxc5 O-O 6. Nf3 Bxc5 7. e3 d5 8. cxd5
exd5 9. Be2 Nc6 10. O-O Qe7 11. Rc1 Be6 12. Nb5 Ne4 13. Nbd4 Rac8 14. Bc3 Bd6
15. Nxc6 bxc6 16. Be5 Bxe5 17. Nxe5 c5 18. Nf3 Qf6 19. Rc2 Rfd8 20. Nd2 Qg6 21.
Bh5 Qf5 22. Be2 d4 23. Bd3 Nxf2 24. Bxf5 Nxd1 25. Bxe6 fxe6 26. Rxd1 dxe3 27.
Kf1 Kf7 28. Ke2 exd2 29. Rdxd2 Rd5 30. Rd3 Rc6 31. Rdc3 Ra6 32. a3 Rb6 33. b3
Kf6 34. Rf3+ Ke7 35. Rc4 Kd6 36. Rfc3 Ra6 37. a4 Rb6 38. Ke3 g5 39. Ke2 h5 40.
h4 Rb7 41. hxg5 Rxg5 42. Rd3+ Kc6 43. g3 Re5+ 44. Kf3 a5 45. Rf4 Rb4 46. g4 hxg4+
47. Kxg4 Rf5 48. Rxb4 cxb4 49. Rd8 Kc5 50. Re8 Kd5 51. Rd8+ Kc5 52. Re8 Kd4 53.
Rxe6 Rc5 54. Rb6 Kc3 55. Rb5 Rc8 56. Rxa5 Kxb3 57. Kf4 Ka2 58. Rb5 b3 59. Ke5
b2 60. Kd4 0-1

[Event "XLI MIEDZYNARODOWY MEMORIAL LUDWIKA ZAMENHOFA 2022 - open A"]
[Site "Bialystok"]
[Date "1899-12-30"]
[Round "2.9"]
[White "Klimkowski, Jan"]
[Black "Indriunas, Matas"]
[Result "1-0"]
[WhiteTitle "FM"]
[BlackTitle "FM"]
[WhiteElo "2447"]
[BlackElo "2253"]

1. e4 c5 2. Nf3 d6 3. Bb5+ Bd7 4. Bxd7+ Nxd7 5. O-O Ngf6 6. d3 e6 7. c4 Be7 8.
Nc3 Ne5 9. Bf4 Ng6 10. Be3 Ng4 11. Bc1 N4e5 12. Ne1 Bf6 13. f4 Nc6 14. Be3 Bd4
15. Bxd4 Nxd4 16. Nc2 Nxc2 17. Qxc2 O-O 18. f5 Ne5 19. Qd2 Qh4 20. g3 Qh5 21.
Kg2 a6 22. a4 Kh8 23. h3 g6 24. Rf4 Rg8 25. fxe6 fxe6 26. Raf1 Qh6 27. Ne2 Qg7
28. R4f2 Rgf8 29. Nf4 Rf6 30. d4 Nxc4 31. Qc3 b5 32. dxc5 Rxf4 33. Qxg7+ Kxg7
34. gxf4 Ne3+ 35. Kf3 Nxf1 36. cxd6 Kf6 37. Rxf1 e5 38. axb5 axb5 39. Rd1 Ke6
40. fxe5 Kxe5 41. Rd5+ Ke6 42. Kf4 b4 43. d7 Rd8 44. Kg5 Kf7 45. Kh6 Kf6 46. h4
Kf7 47. Kxh7 Kf6 48. Rd6+ Ke5 49. Rd2 Kf6 50. e5+ Kf5 51. Kg7 Kxe5 52. Kf7 Kd4
1-0

[Event "XLI MIEDZYNARODOWY MEMORIAL LUDWIKA ZAMENHOFA 2022 - open A"]
[Site "Bialystok"]
[Date "1899-12-30"]
[Round "2.10"]
[White "Sliwicka, Alicja"]
[Black "Licznerski, Lukasz"]
[Result "1-0"]
[WhiteTitle "WIM"]
[BlackTitle "IM"]
[WhiteElo "2284"]
[BlackElo "2441"]

1. e4 c6 2. d4 d5 3. e5 Bf5 4. h4 h5 5. Bd3 Bxd3 6. Qxd3 Qa5+ 7. Nd2 e6 8. Ngf3
Ne7 9. O-O Nf5 10. Nb3 Qa6 11. Qd1 b6 12. Bg5 c5 13. dxc5 bxc5 14. Nbd2 c4 15.
b3 cxb3 16. axb3 Qb7 17. c4 Bc5 18. b4 Be7 19. Bxe7 Nxe7 20. Qa4+ Qd7 21. b5 O-O
22. c5 Qc7 23. c6 Nc8 24. Qf4 Qe7 25. Qe3 Nb6 26. Rfb1 Rc8 27. Ng5 g6 28. Rb3
Rc7 29. Qd4 Qd8 30. g4 hxg4 31. Qxg4 a6 32. h5 f5 33. exf6 Qxf6 34. Re1 gxh5 35.
Qxh5 1-0

[Event "XLI MIEDZYNARODOWY MEMORIAL LUDWIKA ZAMENHOFA 2022 - open A"]
[Site "Bialystok"]
[Date "1899-12-30"]
[Round "2.11"]
[White "Chyzy, Jakub"]
[Black "Baum, Jonasz"]
[Result "0-1"]
[WhiteTitle "FM"]
[BlackTitle "IM"]
[WhiteElo "2247"]
[BlackElo "2420"]

1. e4 c5 2. Nf3 d6 3. d4 cxd4 4. Nxd4 Nf6 5. Nc3 a6 6. Qf3 g6 7. h3 Bg7 8. Be3
O-O 9. O-O-O Qc7 10. g4 Nc6 11. Qg2 e5 12. Nxc6 bxc6 13. f4 exf4 14. Bxf4 Ne8
15. Qg3 Be6 16. Qe3 Rb8 17. b3 Qa5 18. Kb2 Rb4 19. Bg2 c5 20. a3 Nc7 21. Ra1 Rc4
22. bxc4 Rb8+ 23. Kc1 Bxc3 24. Bxd6 Bb2+ 25. Kd1 Bxa1 0-1

[Event "XLI MIEDZYNARODOWY MEMORIAL LUDWIKA ZAMENHOFA 2022 - open A"]
[Site "Bialystok"]
[Date "1899-12-30"]
[Round "2.12"]
[White "Krzyzanowski, Marcin"]
[Black "Lach, Aleksandra"]
[Result "1-0"]
[WhiteTitle "GM"]
[BlackTitle "WIM"]
[WhiteElo "2538"]
[BlackElo "2191"]

1. d4 d5 2. Nf3 c6 3. Bf4 Qb6 4. e3 Bf5 5. Nbd2 Nd7 6. Nb3 Ngf6 7. a4 a5 8. h3
h6 9. Be2 e6 10. O-O Be7 11. c4 O-O 12. Bh2 Ne4 13. Ne1 dxc4 14. Bxc4 Rfd8 15.
Rc1 Rac8 16. Kh1 Bd6 17. Bg1 Bb8 18. Bd3 Nd6 19. Nc5 Bxd3 20. Nexd3 Nf5 21. Qb3
Qxb3 22. Nxb3 b6 23. e4 Ne7 24. f3 f5 25. Rfe1 Nf6 26. Rc3 fxe4 27. fxe4 h5 28.
Bf2 g5 29. Nd2 Ng6 30. Nc4 Nd7 31. Rb3 Bc7 32. Be3 Bf4 33. Nxf4 gxf4 34. Bf2 Rb8
35. Kg1 h4 36. Rc3 c5 37. dxc5 bxc5 38. b3 Ra8 39. e5 Kg7 40. Rd3 Ndf8 41. Red1
Rxd3 42. Rxd3 Rc8 43. Be1 Nh7 44. Bxa5 Ng5 45. Bd8 Ne4 46. a5 Ra8 47. Rd7+ Kf8
48. Bf6 Ra6 49. Rg7 Nxf6 50. exf6 Nh8 51. Rc7 Ng6 52. Rxc5 f3 53. gxf3 Nf4 54.
Ne5 Ra8 55. a6 Nxh3+ 56. Kh2 Nf4 57. a7 Rd8 58. Rc2 Nd5 59. Ra2 Ra8 60. f7 Ke7
61. Rg2 Nf6 62. Rg8 Nxg8 63. fxg8=Q Rxg8 64. Nc6+ Kd7 65. Nb8+ Kc7 66. a8=Q Rxb8
67. Qa7+ Rb7 68. Qc5+ Kd7 69. b4 1-0

[Event "XLI MIEDZYNARODOWY MEMORIAL LUDWIKA ZAMENHOFA 2022 - open A"]
[Site "Bialystok"]
[Date "1899-12-30"]
[Round "2.13"]
[White "Paprocki, Jaroslaw"]
[Black "Olszewski, Michal"]
[Result "1/2-1/2"]
[WhiteTitle "k++"]
[BlackTitle "GM"]
[WhiteElo "2158"]
[BlackElo "2521"]

1. Nf3 Nf6 2. g3 g6 3. b3 Bg7 4. Bb2 b6 5. Bg2 Bb7 6. O-O c5 7. c4 O-O 8. d4 cxd4
9. Qxd4 d6 10. Nh4 Bxg2 11. Nxg2 Nc6 12. Qd1 d5 13. cxd5 Nxd5 14. Bxg7 Kxg7 15.
Qd2 e5 16. Rd1 Nd4 17. Ne1 Qf6 18. e3 Ne6 19. Nc3 Nxc3 20. Qxc3 Ng5 21. f4 exf4
22. Qxf6+ Kxf6 23. exf4 Ne4 24. Nf3 Rfd8 25. Re1 Nc3 26. Re3 Rac8 27. Ng5 Re8
28. Rxe8 Rxe8 29. Nxh7+ Kf5 30. Ng5 f6 31. Nf3 Kg4 32. Re1 Rxe1+ 33. Nxe1 Nxa2
34. Kg2 Nb4 35. h3+ Kf5 36. Kf3 a5 37. Ng2 b5 38. Ne3+ Ke6 39. Ke4 Kd6 40. Kd4
Nc6+ 41. Kc3 Kc5 42. Nc2 Ne7 43. b4+ axb4+ 44. Nxb4 Nd5+ 45. Nxd5 Kxd5 46. f5
g5 47. Kb4 Ke5 48. g4 Kf4 49. Kxb5 Kg3 50. Kc6 Kxh3 51. Kd5 Kxg4 52. Ke6 Kh3 1/2-1/2

[Event "XLI MIEDZYNARODOWY MEMORIAL LUDWIKA ZAMENHOFA 2022 - open A"]
[Site "Bialystok"]
[Date "1899-12-30"]
[Round "2.14"]
[White "Godzwon, Iwo"]
[Black "Mihov, Filip"]
[Result "1/2-1/2"]
[WhiteTitle "FM"]
[BlackTitle "k"]
[WhiteElo "2391"]
[BlackElo "2247"]

1. e4 e6 2. d4 d5 3. Nd2 Nf6 4. e5 Nfd7 5. Bd3 c5 6. c3 Nc6 7. Ne2 cxd4 8. cxd4
f6 9. exf6 Nxf6 10. Nf3 Bd6 11. O-O Qc7 12. Nc3 a6 13. Bg5 O-O 14. Rc1 Qf7 15.
h3 h6 16. Be3 Nh5 17. Bb1 Bd7 18. Na4 Nf4 19. Bxf4 Bxf4 20. Rc3 Bd6 21. Nc5 Bxc5
22. Rxc5 g5 23. Qd2 Qg7 24. Rc3 Rf4 25. g3 Rf7 26. Re3 Raf8 27. Ne5 Nxe5 28. Rxe5
Bb5 29. Bd3 Bxd3 30. Qxd3 Rf6 31. Kg2 Qf7 32. f3 Rc8 33. Re2 Qg6 34. Qe3 Rc6 35.
Rc1 Rxc1 36. Qxc1 Qd3 37. Qe3 Qf5 38. Qc3 Rf7 39. Re3 Kg7 40. a4 a5 41. Re2 Rf6
42. Rf2 h5 43. Qxa5 h4 44. Qc7+ Rf7 45. Qd6 hxg3 46. Qxg3 Qf4 47. Re2 Qxd4 48.
Qxg5+ Kf8 49. Qd8+ Kg7 50. Qg5+ Kf8 51. Qd8+ Kg7 52. Qg5+ 1/2-1/2